Culture Générale - Série 836 - Statistiques

Statistiques générales
  • Ce quiz a été pris 136 fois
  • Le résultat moyen est 8 sur 10
Statistiques - réponses
Question Réponse % Correct
Qu'est-ce qui peut être de récréation, du roi, des Miracles, d'appel ou des comptes ? cour
97%
La locution latine qui signifie "sans entrer dans les détails" est "grosso... modo
95%
De quelle couleur est le cèdre, sur le drapeau du Liban ? vert
95%
Quels champignons comestibles, dits "du Périgord", sont récoltés avec l'aide de chiens ou de cochons ? truffes
90%
A quel sport associe-t-on le bouclier de Brennus ? rugby
89%
Je peux être de ski, de berger ou encore de vieillesse. Que suis-je ? bâton
88%
Quelle est la capitale de l'Irak ? Bagdad
82%
Selon l'expression, à quel animal fait-on référence quand on dit qu'il ne faut pas en courir deux à la fois ? lièvre
80%
Quel maire de Paris est à l'origine des opérations "Nuit blanche" et "Paris-Plage" ? Bertrand Delanoë
79%
Petit crustacé, je m'appelle Bernard et je vis dans des coquilles abandonnées. Qui suis-je ? bernard-l'ermite
53%
Aucun quiz correspondant
Distribution des résultats
% des personnes avec chaque résultat
Percentile par nombre de réponses
Votre historique - résultats
Vous n’avez pas pris ce quiz